| 000 | 00750cab a2200253 4500 | ||
|---|---|---|---|
| 001 | ABS57893 | ||
| 008 | 090401t1997 xxu||||| |||| 00| 0 eng d | ||
| 035 | _a(Sirsi) u82314 | ||
| 041 | _aeng | ||
| 100 | _aHancock, J. | ||
| 245 | _aLocation UK: coming here, prospering here | ||
| 260 | _c1997 | ||
| 350 | _a0 | ||
| 490 |
_aCertified Accountant _v89(11) November 1997, 14-16(2) |
||
| 520 | _aConsiders the benefits of companies locating to the UK and takes a look at the popular regions for locating. | ||
| 650 | _aBUSINESS LOCATIONS | ||
| 650 | _aINWARD INVESTMENT | ||
| 650 | _aREGIONS | ||
| 650 | _aRELOCATION | ||
| 650 | _aWELSH DEVELOPMENT AGENCY | ||
| 690 | _aPROPERTY-COMMERCIAL PROPERTY | ||
| 942 | _n0 | ||
| 948 | _c25/11/1997 | ||
| 999 |
_c51948 _d51948 |
||